Vista normal
Vista MARC
Entrada Topical Term
Número de registros utilizados en: 1
001 - CONTROL NUMBER
- control field: 8660
003 - CONTROL NUMBER IDENTIFIER
- control field: OSt
005 - DATE AND TIME OF LATEST TRANSACTION
- control field: 20200812125207.0
008 - FIXED-LENGTH DATA ELEMENTS
- fixed length control field: 200812|| aca||aabn | a|a d
040 ## - CATALOGING SOURCE
- Original cataloging agency: OSt
- Transcribing agency: OSt
150 ## - HEADING--TOPICAL TERM
- Topical term or geographic name entry element: Adivinanzas Juegos de palabras
670 ## - SOURCE DATA FOUND
- Source citation: Work cat.: (OSt)3967: Bernal Pinilla, Luis Darío, autor 8659, Adivinanzas, risas y chanzas : , 2005